Online
Catalog

Magía, ciencia y religión / (Record no. 1441)

MARC details
000 -CABECERA
campo de control de longitud fija 01038cam a2200265 a 4500
001 - NÚMERO DE CONTROL
campo de control 000001538
005 - FECHA Y HORA DE LA ÚLTIMA TRANSACCIÓN
campo de control 20200929145619.0
008 - DATOS DE LONGITUD FIJA--INFORMACIÓN GENERAL
campo de control de longitud fija 870925s1974 es b 001 0 spa c
020 ## - NÚMERO INTERNACIONAL ESTÁNDAR DEL LIBRO
Número Internacional Estándar del Libro 8434407590
040 ## - FUENTE DE LA CATALOGACIÓN
Centro catalogador/agencia de origen DO-SdBNP
Lengua de catalogación spa
Centro/agencia transcriptor BNPHU
041 17 - CÓDIGO DE LENGUA
Código de lengua del texto/banda sonora o título independiente spa
Código de lengua original eng
082 ## - NÚMERO DE LA CLASIFICACIÓN DECIMAL DEWEY
Número de clasificación 305.861
Número de documento/Ítem M251m
100 1# - ENTRADA PRINCIPAL--NOMBRE DE PERSONA
Nombre de persona Malinowski, Bronislaw,
Fechas asociadas al nombre 1884-1942.
9 (RLIN) 5047
240 10 - TÍTULO UNIFORME
Título uniforme Magic, science and religion, and other essays.
Lenguaje de la obra Español
245 10 - MENCIÓN DE TÍTULO
Título Magía, ciencia y religión /
Mención de responsabilidad, etc. Bronislaw Malinowski ; introducción de Robert Redfield ; traducción, Antonio Pérez Ramos.
260 ## - PUBLICACIÓN, DISTRIBUCIÓN, ETC.
Lugar de publicación, distribución, etc. Barcelona :
Nombre del editor, distribuidor, etc. Ariel,
Fecha de publicación, distribución, etc. 1974.
300 ## - DESCRIPCIÓN FÍSICA
Extensión 335 p. ;
Dimensiones 19 cm.
440 #0 - MENCIÓN DE SERIE/PUNTO DE ACCESO ADICIONAL--TÍTULO
Título Ariel quincenal ;
Designación de volumen o secuencia 101
9 (RLIN) 5048
534 ## - NOTA SOBRE LA VERSIÓN ORIGINAL
Frase introductoria Título origina:
Mención de título del original Magic, science and religion, and other essays
504 ## - NOTA DE BIBLIOGRAFÍA, ETC.
Nota de bibliografía, etc. Incluye referencias bibligráficas y notas al pie de las páginas
650 #4 - PUNTO DE ACCESO ADICIONAL DE MATERIA--TÉRMINO DE MATERIA
Término de materia o nombre geográfico como elemento de entrada Etnología
Subdivisión geográfica España
Subdivisión de forma ENSAYOS, CONFERENCIAS, ETC.
9 (RLIN) 5049
650 #4 - PUNTO DE ACCESO ADICIONAL DE MATERIA--TÉRMINO DE MATERIA
Término de materia o nombre geográfico como elemento de entrada Religión
Subdivisión geográfica España
9 (RLIN) 5050
700 1# - PUNTO DE ACCESO ADICIONAL--NOMBRE DE PERSONA
Nombre de persona Redfield, Robert,
Término indicativo de función/relación int.
9 (RLIN) 5051
700 1# - PUNTO DE ACCESO ADICIONAL--NOMBRE DE PERSONA
Nombre de persona Pérez Ramos, Antonio,
Término indicativo de función/relación tr.
9 (RLIN) 5052
Holdings
Estado de retiro Estado de pérdida Restricciones de uso No para préstamo Código de colección Localización permanente Ubicación/localización actual Ubicación en estantería Fecha de adquisición Número de inventario Total de préstamos Signatura topográfica completa Código de barras Fecha visto por última vez Precio válido a partir de Tipo de ítem Koha
    Préstamo interno   Monografías: Libros y Folletos General General Depósito 29.06.2009 LF1   305.861 M251m 1538-10 25.06.2020 25.06.2020 Préstamo interno

Powered by Koha